000 00639cab a2200217 4500
001 ABS42892
008 090401t1990 xxu||||| |||| 00| 0 eng d
035 _a(Sirsi) u39449
041 _aeng
100 _aKitchen, S.
245 _aHousing isn`t working
260 _c1990
350 _a0
490 _aBuilding
_v255(7653) 22 June 1990, 22-24(3)
520 _aExamines the financial crisis facing British public sector housing focusing on Hull , Birmingham and Wandsworth .
650 _aHOUSING CORPORATION
650 _aNATIONAL FEDERATION OF HOUSING ASSOCIATIONS
690 _aHOUSING
942 _n0
948 _c04/03/1997
999 _c25328
_d25328